| 000 | 00494nam a2200181Ia 4500 | ||
|---|---|---|---|
| 005 | 20250508161651.0 | ||
| 008 | 008 250505s9999 xx 000 0 eng d | ||
| 037 | _aTextual | ||
| 040 |
_aFEDL _beng _cFEDL |
||
| 041 |
_aeng _2eng |
||
| 084 |
_a546.3, GIA _qFEDL |
||
| 100 |
_aGiachino J W _9760712 |
||
| 245 | 0 | _aBasic general metals | |
| 260 |
_aMilwaukee _bThe Bruce Publishing Company _c1969 |
||
| 300 | _a208p. | ||
| 942 |
_cTEXL _h546.3, GIA |
||
| 999 |
_c1371438 _d1371438 |
||